| 000 | 00473nam a22001697a 4500 | ||
|---|---|---|---|
| 003 | OSt | ||
| 008 | 220115b ||||| |||| 00| 0 eng d | ||
| 020 | _a81-85731-17-9 | ||
| 082 | _a615.1 SUL | ||
| 100 | _aSubrahmanyam, CVS | ||
| 245 | _aLaboratory Manual of Physical Pharmacy | ||
| 250 | _aRep | ||
| 260 |
_aDelhi _bVallabh Prakashan |
||
| 300 | _a123 | ||
| 650 | _aPharmaceutics- Drug Delivery Systems,Pharmaceutical Engineering regularity Science | ||
| 942 |
_2ddc _cBK |
||
| 999 |
_c11064 _d11064 |
||